Insect Quiz - Statistics

General Stats
  • This quiz has been taken 62 times
  • The average score is 9 of 16
Answer Stats
Picture Answer % Correct
Dragonfly
82%
Hornet
82%
Praying Mantis
82%
Dung Beetle
78%
Honeybee
78%
Cockroach
71%
Earwig
69%
Ladybird
60%
Aphid
56%
Swallowtail
47%
Katydid
36%
Stick Insect
36%
Mole Cricket
31%
Robber Fly
24%
Elephant Hawk Moth
16%
Lubber Grasshopper
11%
No matching quizzes found
Score Distribution
Percent of People with Each Score
Percentile by Number Answered
Your Score History
You have not taken this quiz